Normal view
MARC view
- Great Britain, Intelligence service
Entry Topical Term
001 - CONTROL NUMBER
- control field: 27983
003 - CONTROL NUMBER IDENTIFIER
- control field: NUST
005 - DATE AND TIME OF LATEST TRANSACTION
- control field: 20200124152624.0
008 - FIXED-LENGTH DATA ELEMENTS
- fixed length control field: 200124|| aca||aabn | a|a d
040 ## - CATALOGING SOURCE
- Original cataloging agency: NUST
- Transcribing agency: NUST
150 ## - HEADING--TOPICAL TERM
- Topical term or geographic name entry element: Great Britain, Intelligence service
670 ## - SOURCE DATA FOUND
- Source citation: Work cat.: (NUST): Jeffery, Keith 27982, MI6 : the history of the Secret Intelligence Service, 1909-1949, c2010.
